| Tag |
First Indicator |
Second Indicator |
Subfields |
| LEADER |
00000cam a22000008i 4500 |
| 001 |
in00000031426 |
| 005 |
20151007061657.0 |
| 008 |
790816s1980 nyu b 00110 eng |
| 010 |
|
|
|a 79020374
|
| 020 |
|
|
|a 0070115931 :
|c $24.50
|
| 035 |
|
|
|a (OCoLC)05353413
|
| 035 |
|
|
|9 AAD2742AM
|
| 040 |
|
|
|a DLC
|c DLC
|d TXA
|d UtOrBLW
|
| 049 |
|
|
|a TXAM
|c [1243626]
|
| 050 |
0 |
0 |
|a TA1677
|b .C63 1980
|
| 082 |
0 |
|
|a 621.36/6
|
| 110 |
2 |
|
|a Coherent, Inc.
|b Engineering Staff.
|
| 245 |
1 |
0 |
|a Lasers, operation, equipment, application, and design /
|c prepared by the Engineering Staff of Coherent, inc. ; edited by Jeanette Bellis.
|
| 263 |
|
|
|a 7912
|
| 264 |
|
1 |
|a New York :
|b McGraw-Hill,
|c [1980]
|
| 264 |
|
4 |
|c ©1980
|
| 300 |
|
|
|a vii, 216 pages :
|b illustrations ;
|c 24 cm.
|
| 336 |
|
|
|a text
|b txt
|2 rdacontent
|
| 337 |
|
|
|a unmediated
|b n
|2 rdamedia
|
| 338 |
|
|
|a volume
|b nc
|2 rdacarrier
|
| 500 |
|
|
|a Includes index.
|
| 504 |
|
|
|a Bibliography: page 197.
|
| 650 |
|
0 |
|a Lasers
|x Industrial applications.
|
| 700 |
1 |
|
|a Bellis, Jeanette.
|
| 999 |
|
|
|a MARS
|
| 999 |
f |
f |
|s c3e9c38b-9bd0-30b1-b8f0-68e5cf1c630c
|i f6b0ef6f-c6bf-34f4-90e1-b6c3cfed3593
|t 0
|
| 952 |
f |
f |
|p ric
|a Texas A&M University
|b Rellis Campus
|c Joint Library Facility
|d Remote Storage
|t 0
|e TA1677 .C63 1980
|h Library of Congress classification
|i unmediated -- volume
|m A14805346686
|
| 998 |
f |
f |
|a TA1677 .C63 1980
|t 0
|l Remote Storage
|